|
|
|
|
| LEADER |
00000nab a2200000uu 4500 |
| 001 |
vtls011446675 |
| 003 |
SK-MaSNL |
| 005 |
20260303164706.0 |
| 008 |
230313|1973 xo |||||||||||||||||slo| |
| 015 |
|
|
|a SNBRB
|
| 035 |
|
|
|a (urnnbn)urn:nbn:sk:snk:ar-0044qg
|
| 035 |
|
|
|a (uuid)295ec188-685d-44ad-a460-a1560b1fe7a2
|
| 035 |
|
|
|a urn:nbn:sk:snk-abcjq2
|
| 040 |
|
|
|a SNKBUCL
|b slo
|c SNKBUCL
|e AACR2
|
| 041 |
0 |
|
|a slo
|
| 044 |
|
|
|a xo
|c SK
|
| 100 |
1 |
|
|a Sevak, Parujr
|4 aut
|9 1190387
|
| 245 |
1 |
0 |
|a Sloboda
|c Parujr Sevak, Dušan Slobodník
|
| 700 |
1 |
|
|a Slobodník, Dušan,
|d 1927-2001
|4 trl
|9 103407
|
| 773 |
0 |
|
|t Revue svetovej literatúry
|g Roč. 9, č. 5 (1973), s. 38
|
| 958 |
|
|
|a OND
|
| 958 |
|
|
|a EUIPO
|
| 958 |
|
|
|a article16
|
| 999 |
|
|
|c 2067113
|d 2069043
|